Cyclisme : Top 20 du Tour Down Under 2024 - Statistiques

Statistiques générales
  • Ce quiz a été pris 14 fois
  • Le résultat moyen est 8 sur 20
Statistiques - réponses
Position Equipe Coureur % Correct
3eme UAE Team Emirates Isaac Del Toro
85%
2eme INEOS Grenadier Jhonatan Narvaez
77%
4eme DSM Firmenich PostNL Oscar Onley
77%
1er Israel Premier Tech Stephen Williams
77%
6eme Soudal QuickStep Julian Alaphilippe
69%
7eme Team Jayco AlUla Simon Yates
69%
5eme Visma Lease a Bike Bart Lemmen
54%
8eme Décathlon Ag2r La Mondiale Valentin Paret-Peintre
46%
9eme Australian National Team Damien Howson
38%
20eme Australian National Team Michael Storer
31%
15eme Lidl Trek Bauke Mollema
23%
10eme Bahrain Victorious Jack Haig
23%
16eme Lidl Trek Juan Pedro Lopez
23%
19eme UAE Team Emirates Diego Ulissi
15%
12eme Intermarché Wanty Georg Zimmermann
15%
11eme Israel Premier Tech Nick Schultz
15%
18eme BORA Hansgrohe Roger Adria
15%
14eme Movistar Team Ruben Guerreiro
15%
17eme Alpecin Deuceuninck Luca Vergallito
8%
13eme BORA Hansgrohe Ben Zwiehoff
0%
Aucun quiz correspondant
Distribution des résultats
% des personnes avec chaque résultat
Percentile par nombre de réponses
Votre historique - résultats
Vous n’avez pas pris ce quiz